| Record ID | ia:stagedoorplayint00ferb |
| Source | Internet Archive |
| Download MARC XML | https://archive.org/download/stagedoorplayint00ferb/stagedoorplayint00ferb_marc.xml |
| Download MARC binary | https://www.archive.org/download/stagedoorplayint00ferb/stagedoorplayint00ferb_meta.mrc |
LEADER: 01259cam 2200289I 4500
001 ocm01231553
003 OCoLC
005 20090707185934.0
008 750324s1941 nyu 000 0 eng d
040 $aYMM$cYMM$dOCL$dGZM$dBUR
035 $a(OCoLC)1231553
050 4 $aPS3511.E46$bS8 1941
082 4 $a812.5
100 1 $aFerber, Edna,$d1887-1968.
245 10 $aStage door,$ba play in three acts,$cby Edna Ferber and George S. Kaufman.
260 $a[New York]$bDramatists Play Service inc.$c[c1941]
300 $a105 p.$bfront., plates, diagrs.
520 $aDepicts the fears, setbacks and daily struggles of aspiring young actors and actresses, and, for the very few, stardom and success.
650 0 $aActresses$zNew York (State)$zNew York$vDrama.
651 0 $aBroadway (New York, N.Y.)$vDrama.
700 1 $aKaufman, George S.$q(George Simon),$d1889-1961,$ejoint author.
952 $a1231553$zYMM$bYOUNGSTOWN & MAHONING CNTY PUB LIBR$hFull OCLC member$iLCC$kDDC$nSummary$u20090519
952 $a270429873$zAN#$bMORGAN LIBR & MUSEUM THE$hFull$u20081109
952 $a326622181$zPUL$bPRINCETON UNIV$hFull OCLC member$iLCC$kDDC$nSummary$u20090519
029 1 $aAU@$b000006726339
994 $aZ0$bPMR
948 $hNO HOLDINGS IN PMR - 137 OTHER HOLDINGS